Stability and complexity in model ecosystems
Αποθηκεύτηκε σε:
| Κύριος συγγραφέας: | |
|---|---|
| Μορφή: | Βιβλίο |
| Γλώσσα: | English |
| Δημοσίευση: |
Princeton; Oxford :
Princeton University Press,
2001
|
| Σειρά: | Princeton landmark in biology
|
| Θέματα: | |
| Ετικέτες: |
Προσθήκη ετικέτας
Δεν υπάρχουν, Καταχωρήστε ετικέτα πρώτοι!
|
MARC
| LEADER | 00000nam a2200000 i 4500 | ||
|---|---|---|---|
| 001 | 1/75879 | ||
| 008 | 050509s2001 eng d | ||
| 020 | |a 0-691-08861-6 | ||
| 035 | |l 10077825 | ||
| 040 | |a GR-MY-UA |b gre |e aacr | ||
| 041 | 0 | |a eng | |
| 082 | 0 | |a 577.015118 |2 (21) | |
| 100 | 1 | |a May, Robert M. |q (Robert McCredie) |d 1936- | |
| 245 | 1 | 0 | |a Stability and complexity in model ecosystems / |c with a new introduction by the author Robert M. May |
| 260 | |a Princeton; Oxford : |b Princeton University Press, |c 2001 | ||
| 300 | |a xxxiv, 265 σ.; |b εικ.; |c 22 εκ. | ||
| 490 | 1 | |a Princeton landmark in biology | |
| 504 | |a Περιέχει βιβλιογραφία και ευρετήρια | ||
| 650 | 0 | 0 | |a Ecology |x Mathematical models. |
| 650 | 0 | 0 | |a Animal populations |x Mathematical models. |
| 650 | 0 | 0 | |a Stability. |
| 830 | 0 | |a Princeton landmark in biology | |
| 852 | |a INST |b LESVOS |e 20050509 |h 577.015118 MAY |p 005100027728 |q 005100027728 |t BK |y 0 | ||
| 901 | |a BIBL1-2005-2 | ||
| 909 | |a Λ |b 116489 | ||
| 922 | |a 1ΕΛΗ |b 200411 |c ΕΠΕΑΕΚ2/ΤΓ |d ΜΙΧΑΛΟΠΟΥΛΟΣ | ||
| 950 | |a 118-2004-09-22 | ||
| 970 | |a ΚΑΡΑ |b ΓΙΑΣΕΜΗ |z 2005/05/23 | ||